[Event "jingle ring jingle all the sea"]
[Site "SchemingMind.com"]
[Date "2007.12.09"]
[Round "-"]
[White "1tamad"]
[Black "Schaakmaatje"]
[Result "0-1"]
[WhiteCountry "USA"]
[BlackCountry "NED"]
[WhiteElo "1776"]
[WhiteRD "61"]
[BlackElo "1746"]
[BlackRD "45"]
[GameID "132668"]

1. d4 d5 2. e3 Bf5 3. Nf3 e6 4. Be2 Bd6 5. O-O Nd7 6. h3 h6 7. c4 c6 8. c5 Bc7 9. b4 e5 10. Nc3 Ne7
11. a4 O-O 12. b5 Ng6 13. Ba3 Re8 14. Nd2 Qg5 15. Bg4 Bxg4 16. Qxg4 Qxg4 17. hxg4 Re6 18. Rab1 Nf6 19. bxc6 bxc6 20. Rb7 Ba5
21. Bb4 Bxb4 22. Rxb4 Nxg4 23. Rfb1 exd4 24. exd4 Nf4 25. Rb8+ Rxb8 26. Rxb8+ Kh7 27. Nf3 Nd3 28. Rb7 f5 29. Rxa7 Ndxf2 30. Rf7 Re3
31. Nb1 Rd3 32. Nbd2 Ne4 33. Nf1 Rd1 34. Rxf5 Ne3 35. Re5 Rxf1+ 36. Kh2 Ng4+
0-1

[Event "jingle ring jingle all the sea"]
[Site "SchemingMind.com"]
[Date "2007.12.10"]
[Round "-"]
[White "Schaakmaatje"]
[Black "1tamad"]
[Result "0-1"]
[WhiteCountry "NED"]
[BlackCountry "USA"]
[WhiteElo "1746"]
[WhiteRD "45"]
[BlackElo "1776"]
[BlackRD "61"]
[GameID "132669"]

1. e4 e6 2. d4 d5 3. Nd2 a6 4. Bd3 c5 5. c3 Nc6 6. Ne2 dxe4 7. Nxe4 cxd4 8. cxd4 Bb4+ 9. Kf1 Nge7 10. a3 Ba5
11. b4 Bb6 12. Be3 Nf5 13. Qa4 O-O 14. b5 Ncxd4 15. Nxd4 Bxd4 16. Bxd4 Qxd4 17. Qxd4 Nxd4 18. b6 Bd7 19. Nd6 Bc6 20. f3 Rfd8
21. Ne4 Nb3 22. Rd1 Bb5 23. Nf2 Bxd3+ 24. Rxd3 Rxd3 25. Nxd3 g6 26. Ke2 Rc8 27. Rd1 Rc2+ 28. Ke3 Ra2 29. Nb4 Rxa3 30. Rd8+ Kg7
31. Nc2 Ra2 32. Kd3 Na5
0-1

[Event "jingle ring jingle all the sea"]
[Site "SchemingMind.com"]
[Date "2007.12.14"]
[Round "-"]
[White "maaac"]
[Black "1tamad"]
[Result "1-0"]
[WhiteCountry "AUS"]
[BlackCountry "USA"]
[WhiteElo "1863"]
[WhiteRD "75"]
[BlackElo "1760"]
[BlackRD "69"]
[GameID "133066"]

1. d4 d5 2. c4 e6 3. Nc3 Nf6 4. Nf3 c6 5. e3 Bb4 6. a3 Ba5 7. b4 Bb6 8. Bd3 O-O 9. O-O Nbd7 10. Qe2 dxc4
11. Bxc4 Bc7 12. e4 h6 13. Bb2 e5 14. h3 exd4 15. Nxd4 Ne5 16. Rad1 Qe7 17. Bb3 c5 18. bxc5 Qxc5 19. Ncb5 Bb8 20. Nf5 a6
21. Rc1 Qxb5 22. Qxb5 axb5 23. Rxc8 Rxc8 24. Ne7+ Kf8 25. Nxc8 Nxe4 26. Nb6 Ra6 27. Bxe5 Bxe5 28. Nd7+
1-0

[Event "jingle ring jingle all the sea"]
[Site "SchemingMind.com"]
[Date "2007.12.17"]
[Round "-"]
[White "maaac"]
[Black "Schaakmaatje"]
[Result "1-0"]
[WhiteCountry "AUS"]
[BlackCountry "NED"]
[WhiteElo "1886"]
[WhiteRD "62"]
[BlackElo "1746"]
[BlackRD "45"]
[GameID "133067"]

1. c4 e5 2. Nc3 Bc5 3. g3 f5 4. Bg2 c6 5. e3 Nf6 6. d4 exd4 7. exd4 Bb4 8. Ne2 O-O 9. O-O d5 10. cxd5 cxd5
11. a3 Bd6 12. Nxd5 Nxd5 13. Bxd5+ Kh8 14. Bg2 Nc6 15. b4 Bd7 16. Bf4 Qf6 17. Bxd6 Qxd6 18. Qd2 Rac8 19. Rad1 Rcd8 20. f4 Qf6
21. d5 Ne7 22. d6 Nc6 23. b5 Nb8 24. Nd4 b6 25. Rfe1 Rfe8 26. Nc6 Rxe1+ 27. Rxe1
1-0

[Event "jingle ring jingle all the sea"]
[Site "SchemingMind.com"]
[Date "2007.12.14"]
[Round "-"]
[White "1tamad"]
[Black "maaac"]
[Result "0-1"]
[WhiteCountry "USA"]
[BlackCountry "AUS"]
[WhiteElo "1760"]
[WhiteRD "69"]
[BlackElo "1863"]
[BlackRD "75"]
[GameID "133068"]

1. d4 Nf6 2. e3 b6 3. Nf3 Bb7 4. Bd3 e6 5. O-O Be7 6. Nbd2 d5 7. Ne5 O-O 8. f4 c5 9. c3 Nbd7 10. Qf3 a6
11. g4 b5 12. Rf2 b4 13. h4 bxc3 14. bxc3 Rb8 15. g5 Ne4 16. Nxe4 dxe4 17. Bxe4 Bxe4 18. Qxe4 Qc7 19. h5 Nxe5 20. fxe5 Bxg5
21. Rg2 h6 22. Qg4 cxd4 23. exd4 Qxc3 24. Bxg5 Qxa1+ 25. Kh2 Rb1 26. Bc1 g5 27. hxg6 f5 28. exf6 Rxf6 29. Be3 Rh1+ 30. Kg3 Qe1+
31. Bf2 Qc3+
0-1

[Event "jingle ring jingle all the sea"]
[Site "SchemingMind.com"]
[Date "2007.12.17"]
[Round "-"]
[White "Schaakmaatje"]
[Black "maaac"]
[Result "1/2-1/2"]
[WhiteCountry "NED"]
[BlackCountry "AUS"]
[WhiteElo "1746"]
[WhiteRD "45"]
[BlackElo "1886"]
[BlackRD "62"]
[GameID "133069"]

1. e4 c5 2. Nf3 d6 3. d4 cxd4 4. Nxd4 Nf6 5. Nc3 a6 6. f4 e5 7. Nf3 Qc7 8. Nd5 Nxd5 9. exd5 Be7 10. Be2 O-O
11. O-O Bf5 12. c4 Nd7 13. fxe5 dxe5 14. Be3 Bc5 15. Qd2 a5 16. a3 a4 17. Kh1 Bxe3 18. Qxe3 Bg6 19. Rac1 b6 20. Nh4 Nc5
21. Nxg6 hxg6 22. Bg4 f5 23. Be2 Nb3 24. Rc3 Nd4 25. Bd1 Kf7 26. b4 axb3 27. Bxb3 Rxa3 28. Rfc1 Nxb3 29. Rxb3 Rxb3 30. Qxb3 Ra8
31. c5 Qxc5 32. d6+ Kf8 33. Rd1 Qc6 34. Qe6 Qe8 35. Qd5 Rd8 36. d7 Qe7 37. Qc6 e4 38. Qxg6 Rxd7 39. Qxf5+ Ke8 40. Qg6+ Kd8
41. Qxb6+ Ke8 42. Qb8+ Kf7 43. Rf1+ Kg6 44. Qg3+ Kh7 45. Qh3+ Kg8 46. Qb3+ Kh7=
1/2-1/2

[Event "jingle ring jingle all the sea"]
[Site "SchemingMind.com"]
[Date "2007.12.12"]
[Round "-"]
[White "josecapa"]
[Black "maaac"]
[Result "1/2-1/2"]
[WhiteCountry "JAM"]
[BlackCountry "AUS"]
[WhiteElo "1977"]
[WhiteRD "80"]
[BlackElo "1896"]
[BlackRD "66"]
[GameID "133085"]

1. d4 Nf6 2. c4 e6 3. Nf3 Bb4+ 4. Nbd2 b6 5. e3 Bb7 6. Bd3 O-O 7. O-O d6 8. a3 Bxd2 9. Bxd2 Nbd7 10. Re1 c5
11. e4 e5 12. d5 Nh5 13. Ng5 Nf4 14. Bxf4 exf4 15. Qh5 h6 16. Nf3 Qf6 17. e5 dxe5 18. Nxe5 Nxe5 19. Qxe5 Qxe5 20. Rxe5 Rfe8
21. Rae1 Kf8 22. Kf1 Rxe5 23. Rxe5 Re8 24. Rxe8+ Kxe8 25. Ke2 Ke7 26. Kf3 g5 27. Kg4 Kf6 28. Kh5 Kg7 29. Bf5 f6 30. a4 a6
31. d6 Kf7 32. f3 Bc6 33. b3 b5 34. axb5 axb5 35. Kxh6 bxc4 36. bxc4 Ba4 37. h4 gxh4 38. Kh5 Bb3 39. Kxh4 Bxc4 40. Kg4 Bf1
41. Kxf4 Bxg2 42. Ke4 c4 43. Bd7 c3 44. Kd3=
1/2-1/2

[Event "jingle ring jingle all the sea"]
[Site "SchemingMind.com"]
[Date "2007.12.14"]
[Round "-"]
[White "josecapa"]
[Black "1tamad"]
[Result "1-0"]
[WhiteCountry "JAM"]
[BlackCountry "USA"]
[WhiteElo "2018"]
[WhiteRD "86"]
[BlackElo "1749"]
[BlackRD "66"]
[GameID "133086"]

1. d4 d5 2. c4 e6 3. Nf3 Nf6 4. Bg5 Be7 5. Nc3 O-O 6. e3 Ne4 7. Bxe7 Qxe7 8. Qc2 Nxc3 9. Qxc3 Nd7 10. cxd5 exd5
11. Qxc7 Re8 12. Bd3 Qb4+ 13. Qc3 Qd6 14. O-O Nf6 15. Ne5 Ne4 16. Qc2 f6 17. Nc4 Qd8 18. Nd2 Bf5 19. Nxe4 Bxe4 20. Bxe4 dxe4
21. Qb3+ Kh8 22. Qxb7 Rb8 23. Qxa7 Rxb2 24. a4 Qa8 25. Qxa8 Rxa8 26. Rfc1 h6 27. a5 Rb5 28. a6 Rb6 29. a7 Rb7 30. Kf1 Rbxa7
31. Rxa7 Rxa7 32. Rc2 Kh7 33. Ke2 f5 34. f3 Kg6 35. Kf2 Kg5 36. fxe4 fxe4 37. Kg3 Ra3 38. Rc5+ Kf6 39. Kf4 Ra2 40. g4 Rxh2
41. Kxe4 Rg2 42. Kf3 Rh2 43. Rf5+ Ke6 44. Ke4 Rh4 45. Kf4 Rh1 46. Ke4 Rh4 47. d5+ Ke7 48. Kf4 Rh1 49. e4 Re1 50. Ke5 Rg1
51. d6+ Ke8 52. Ke6
1-0

[Event "jingle ring jingle all the sea"]
[Site "SchemingMind.com"]
[Date "2007.12.17"]
[Round "-"]
[White "josecapa"]
[Black "Schaakmaatje"]
[Result "1-0"]
[WhiteCountry "JAM"]
[BlackCountry "NED"]
[WhiteElo "1934"]
[WhiteRD "86"]
[BlackElo "1746"]
[BlackRD "45"]
[GameID "133087"]

1. d4 Nf6 2. c4 e6 3. Nf3 Bb4+ 4. Nbd2 O-O 5. e3 d5 6. a3 Be7 7. b4 c6 8. Bd3 Nbd7 9. O-O Re8 10. Bb2 h6
11. e4 dxe4 12. Nxe4 Nxe4 13. Bxe4 Nf6 14. Bc2 a5 15. Qd3 axb4 16. axb4 Bxb4 17. Rxa8
1-0

[Event "jingle ring jingle all the sea"]
[Site "SchemingMind.com"]
[Date "2007.12.15"]
[Round "-"]
[White "maaac"]
[Black "josecapa"]
[Result "1-0"]
[WhiteCountry "AUS"]
[BlackCountry "JAM"]
[WhiteElo "1886"]
[WhiteRD "62"]
[BlackElo "1934"]
[BlackRD "86"]
[GameID "133088"]

1. d4 d5 2. c4 c6 3. Nc3 dxc4 4. a4 Nf6 5. e4 Bg4 6. Nf3 e6 7. Bxc4 Bb4 8. Qd3 Qa5 9. O-O Nbd7 10. e5 Nd5
11. Ne4 O-O 12. Nfg5 Bf5 13. Qe2 h6 14. Nf3 Qd8 15. Nd6 Bxd6 16. exd6 Bg4 17. h3 Bxf3 18. Qxf3 N7b6 19. Bxd5 Nxd5 20. Qg3 Kh8
21. Re1 Qf6 22. Re4 Rad8 23. Ra3 Rd7 24. Rf3 Qd8 25. Rh4 f5 26. Bg5 Qe8 27. Qe5 Kg8 28. Bxh6 gxh6 29. Rxh6
1-0

[Event "jingle ring jingle all the sea"]
[Site "SchemingMind.com"]
[Date "2007.12.15"]
[Round "-"]
[White "1tamad"]
[Black "josecapa"]
[Result "0-1"]
[WhiteCountry "USA"]
[BlackCountry "JAM"]
[WhiteElo "1776"]
[WhiteRD "61"]
[BlackElo "1934"]
[BlackRD "86"]
[GameID "133089"]

1. d4 d5 2. e3 Nf6 3. Bd3 c5 4. c3 Nc6 5. f4 Bg4 6. Nf3 e6 7. O-O Be7 8. Nbd2 O-O 9. Qe1 Rc8 10. Ne5 Bh5
11. Qh4 Bg6 12. Nxg6 hxg6 13. Qh3 cxd4 14. exd4 Qc7 15. Rf3 a6 16. Rg3 Nh5 17. Nf3 Nxg3 18. hxg3 f5 19. g4 Kf7 20. Ne5+ Nxe5
21. fxe5 Rh8 22. Qg3 Rh7 23. Bf4 Rch8 24. gxf5 Rh1+ 25. Kf2 Bh4
0-1

[Event "jingle ring jingle all the sea"]
[Site "SchemingMind.com"]
[Date "2007.12.17"]
[Round "-"]
[White "Schaakmaatje"]
[Black "josecapa"]
[Result "0-1"]
[WhiteCountry "NED"]
[BlackCountry "JAM"]
[WhiteElo "1739"]
[WhiteRD "49"]
[BlackElo "1996"]
[BlackRD "83"]
[GameID "133090"]

1. e4 c6 2. d4 d5 3. Nc3 dxe4 4. Nxe4 Bf5 5. Ng3 Bg6 6. Nf3 Nd7 7. h4 h6 8. h5 Bh7 9. Bd3 Bxd3 10. Qxd3 Ngf6
11. Be3 e6 12. O-O-O Bd6 13. Ne4 Nxe4 14. Qxe4 Nf6 15. Qd3 Qa5 16. a3 O-O-O 17. Nd2 Qc7 18. Qb3 Bf4 19. g3 Bxe3 20. fxe3 Ng4
21. Rhg1 Rd5 22. c4 Rxh5 23. Kb1 Rh2 24. Nf3 Rf2 25. e4 Qb6 26. Qc3 Ne3 27. Rd3 Nxc4 28. Nd2 Nxd2+ 29. Rxd2 Rxd2 30. Qxd2 Rd8
31. Rd1 Qb3 32. Rc1 Qxg3 33. d5 exd5 34. exd5 Qg6+ 35. Ka1 Qf5 36. Qg2 Qxd5 37. Qxg7 Qg5 38. Qc3 f5 39. Re1 f4 40. Re5 Rd1+
41. Ka2 Qg8+ 42. Qb3 Ra1+
0-1

[Event "jingle ring jingle all the sea"]
[Site "SchemingMind.com"]
[Date "2007.12.13"]
[Round "-"]
[White "Francisco Aquino"]
[Black "maaac"]
[Result "1/2-1/2"]
[WhiteCountry "BRA"]
[BlackCountry "AUS"]
[WhiteElo "1826"]
[WhiteRD "89"]
[BlackElo "1863"]
[BlackRD "75"]
[GameID "133176"]

1. e4 c5 2. Nf3 d6 3. Bb5+ Bd7 4. Bxd7+ Qxd7 5. O-O Nc6 6. Nc3 Nf6 7. Re1 g6 8. d4 cxd4 9. Nxd4 Bg7 10. Bg5 O-O
11. Nxc6 Qxc6 12. Rc1 e6 13. Qf3 Nd7 14. Bd2 Ne5 15. Qe2 Nc4 16. Rb1 b5 17. a3 a5 18. Nd1 Rac8 19. Bc3 Bh6 20. Qf3 Rfd8
21. Qf6 e5 22. Qh4 Kg7 23. Ne3 Bxe3 24. fxe3 Nxa3 25. Bxe5+ dxe5 26. bxa3 Rd2 27. Rf1 Rxc2 28. Qe7 Rxg2+ 29. Kxg2 Qxe4+ 30. Rf3 Qg4+
31. Rg3 Qe4+ 32. Rf3 Qg4+ 33. Rg3=
1/2-1/2

[Event "jingle ring jingle all the sea"]
[Site "SchemingMind.com"]
[Date "2007.12.14"]
[Round "-"]
[White "Francisco Aquino"]
[Black "1tamad"]
[Result "0-1"]
[WhiteCountry "BRA"]
[BlackCountry "USA"]
[WhiteElo "1772"]
[WhiteRD "75"]
[BlackElo "1776"]
[BlackRD "61"]
[GameID "133177"]

1. e4 d6 2. Nf3 Nf6 3. Nc3 g6 4. Bb5+ c6 5. Be2 Bg7 6. O-O O-O 7. Re1 e5 8. d4 exd4 9. Nxd4 Nbd7 10. Bg5 Re8
11. Bc4 Ne5 12. Bb3 Qc7 13. Bxf6 Bxf6 14. f4 Nd7 15. f5 Ne5 16. fxg6 hxg6 17. Rf1 Kg7 18. h3 Rh8 19. Rf4 Bg5 20. Rf2 Be3
21. Nde2 Qe7 22. Qf1 Qf6 23. Nd1 Bxf2+ 24. Nxf2 Be6 25. Bxe6 Qxe6 26. Nc3 Raf8 27. Rd1 Rh5 28. Qe2 Rfh8 29. b3 g5 30. g4 Rh4
31. Qe3 Kf8 32. Qxg5 Nf3+
0-1

[Event "jingle ring jingle all the sea"]
[Site "SchemingMind.com"]
[Date "2007.12.17"]
[Round "-"]
[White "Francisco Aquino"]
[Black "Schaakmaatje"]
[Result "1-0"]
[WhiteCountry "BRA"]
[BlackCountry "NED"]
[WhiteElo "1772"]
[WhiteRD "75"]
[BlackElo "1746"]
[BlackRD "45"]
[GameID "133178"]

1. e4 e5 2. Nf3 Nc6 3. Bb5 a6 4. Ba4 Nf6 5. O-O b5 6. Bb3 Be7 7. Re1 O-O 8. d4 exd4 9. Nxd4 Ne5 10. Nc3 c5
11. Ndxb5 axb5 12. Nxb5 c4 13. Bf4 Qb6 14. Bxe5 Qxb5 15. Bxf6 Bxf6 16. a4 Qc6 17. e5 cxb3 18. exf6 bxc2 19. Qc1 Bb7 20. f3 Qxf6
21. Qxc2 Rac8 22. Qb3 Qd4+ 23. Kh1 Bd5 24. Qb5 Bc4 25. Qb4 d5 26. b3 Rb8 27. Qe7 Bxb3 28. a5 h6 29. a6 Ra8 30. a7 Ba4
31. Rab1 Rxa7 32. Qd6 Bc2 33. Rb8 Ra8 34. Qxf8+
1-0

[Event "jingle ring jingle all the sea"]
[Site "SchemingMind.com"]
[Date "2007.12.15"]
[Round "-"]
[White "Francisco Aquino"]
[Black "josecapa"]
[Result "0-1"]
[WhiteCountry "BRA"]
[BlackCountry "JAM"]
[WhiteElo "1717"]
[WhiteRD "75"]
[BlackElo "1977"]
[BlackRD "80"]
[GameID "133179"]

1. e4 c6 2. d4 d5 3. Nc3 dxe4 4. Bc4 Nf6 5. Bg5 Bg4 6. Nge2 Nbd7 7. Qd2 e6 8. Nxe4 Nxe4 9. Bxd8 Nxd2 10. Kxd2 Bxe2
11. Bxe2 Kxd8 12. Rad1 Be7 13. Bh5 Bg5+ 14. Ke2 Ke7 15. Rhe1 Nf6 16. Bf3 Rad8 17. c3 Rhe8 18. Kf1 Kd6 19. h3 Kc7 20. b3 Nd5
21. Bxd5 exd5 22. Rxe8 Rxe8 23. g3 g6 24. h4 Bf6 25. Rd3 Bg7 26. Rf3 Re7 27. Re3 Rxe3 28. fxe3 Kd6 29. Ke2 Ke6 30. Kf3 Kf5
31. g4+ Ke6 32. Kf4 f5 33. gxf5+ gxf5 34. h5= Bh6+ 35. Kf3 Kf6 36. c4 Kg5 37. Kg3 Kxh5 38. Kf3 Kh4 39. cxd5 cxd5 40. a4 a5
0-1

[Event "jingle ring jingle all the sea"]
[Site "SchemingMind.com"]
[Date "2007.12.13"]
[Round "-"]
[White "maaac"]
[Black "Francisco Aquino"]
[Result "1-0"]
[WhiteCountry "AUS"]
[BlackCountry "BRA"]
[WhiteElo "1863"]
[WhiteRD "75"]
[BlackElo "1826"]
[BlackRD "89"]
[GameID "133180"]

1. d4 Nf6 2. c4 g6 3. Nc3 Bg7 4. e4 d6 5. Nf3 O-O 6. Be2 Bg4 7. O-O Nc6 8. Bg5 Re8 9. h3 Bxf3 10. Bxf3 e5
11. dxe5 Nxe5 12. Be2 Qd7 13. Qd2 Qc6 14. Nd5 Nxe4 15. Qf4 Nxg5 16. Qxg5 Qd7 17. f4 Nc6 18. f5 Rxe2 19. f6 Bf8 20. Ne3 Re8
21. Nf5 R8e5 22. g4 Rxb2 23. Rae1 Ree2 24. Rxe2 Rb4 25. Rfe1 Rxc4 26. Re8 Qd8 27. Nh6+ Kh8 28. Nxf7+ Kg8 29. Nxd8 Nxd8 30. Qh6
1-0

[Event "jingle ring jingle all the sea"]
[Site "SchemingMind.com"]
[Date "2007.12.14"]
[Round "-"]
[White "1tamad"]
[Black "Francisco Aquino"]
[Result "1-0"]
[WhiteCountry "USA"]
[BlackCountry "BRA"]
[WhiteElo "1776"]
[WhiteRD "61"]
[BlackElo "1772"]
[BlackRD "75"]
[GameID "133181"]

1. d4 Nf6 2. e3 d5 3. Bd3 Bg4 4. Nf3 Nc6 5. h3 Bd7 6. c3 e6 7. O-O Be7 8. Nbd2 O-O 9. e4 dxe4 10. Nxe4 Re8
11. Nfg5 Nxe4 12. Nxe4 a6 13. Qh5 g6 14. Qf3 f5 15. Nc5 Bxc5 16. dxc5 e5 17. Bc4+ Kg7 18. b4 e4 19. Qf4 Be6 20. Qh6+ Kg8
21. Bg5 Qd7 22. Rfd1 Qf7 23. Be2 Ne5 24. Bf4 Nc6= 25. a4 Bc4 26. Bxc4 Qxc4 27. Rd7 Re7 28. Rad1 Qxc3 29. Bxc7 Rae8 30. Qg5 Qg7
31. Rxe7 Qxe7 32. Qxe7 Rxe7 33. Bd6 Rd7 34. Rb1 Nd4 35. b5 Ne2+ 36. Kf1 Nc3 37. Rb3 Nxa4 38. bxa6 bxa6 39. Ra3 Nb2 40. Rxa6 Nd3
41. c6 Rd8 42. c7 Rc8 43. Rb6 Nc5 44. Rb8 Rxb8 45. cxb8=Q+ Kf7 46. Qc7+
1-0

[Event "jingle ring jingle all the sea"]
[Site "SchemingMind.com"]
[Date "2007.12.17"]
[Round "-"]
[White "Schaakmaatje"]
[Black "Francisco Aquino"]
[Result "1-0"]
[WhiteCountry "NED"]
[BlackCountry "BRA"]
[WhiteElo "1746"]
[WhiteRD "45"]
[BlackElo "1772"]
[BlackRD "75"]
[GameID "133182"]

1. d4 d5 2. c4 dxc4 3. Nc3 Nf6 4. e4 Nc6 5. Be3 Bg4 6. f3 Bh5 7. Bxc4 e6 8. Nge2 Be7 9. O-O O-O 10. Qd2 Bb4
11. a3 Be7 12. Rac1 Na5 13. Ba2 a6 14. b4 Nc6= 15. Nf4 Bg6 16. Na4 Re8 17. Nc5 Bxc5= 18. Rxc5 Nd7 19. Rc3 Rc8 20. Rfc1 e5
21. Nxg6 exd4 22. Bxd4 Nxd4 23. Qxd4 hxg6 24. Qd5 Rf8 25. Qxb7 a5 26. Rxc7 Rxc7= 27. Qxc7 axb4 28. axb4 Qg5 29. f4 Qe7 30. Bd5 Qd8
31. b5 Nb6 32. Bxf7+ Kh8 33. Qxd8 Rxd8 34. Rc3 Kh7 35. Rh3#
1-0

[Event "jingle ring jingle all the sea"]
[Site "SchemingMind.com"]
[Date "2007.12.15"]
[Round "-"]
[White "josecapa"]
[Black "Francisco Aquino"]
[Result "1-0"]
[WhiteCountry "JAM"]
[BlackCountry "BRA"]
[WhiteElo "1934"]
[WhiteRD "86"]
[BlackElo "1772"]
[BlackRD "75"]
[GameID "133183"]

1. d4 d5 2. c4 c6 3. Nf3 Bg4 4. Ne5 Bh5 5. cxd5 Qxd5 6. Nc3 Qd6 7. Bf4 Nf6 8. Qb3 b6 9. Ng6 Qxd4 10. Rd1 Qc5
11. Nxh8 Ng4 12. Ne4 Qa5+ 13. Qc3 Qf5 14. Qd3 Nd7 15. Nd6+ exd6 16. Qxf5 Ngf6 17. e3 Bxd1 18. Kxd1 g6= 19. Qc2 c5 20. Qb3 d5
21. Bb5 c4 22. Qa4 Rd8 23. Bg5 Bg7 24. Bxf6 Bxf6 25. Nxf7 Kxf7 26. Bxd7 Bxb2 27. Qc6 c3 28. Qe6+ Kf8 29. Qf6+ Kg8 30. Be6#
1-0

[Event "jingle ring jingle all the sea"]
[Site "SchemingMind.com"]
[Date "2007.12.14"]
[Round "-"]
[White "Archon"]
[Black "maaac"]
[Result "0-1"]
[WhiteCountry "CAN"]
[BlackCountry "AUS"]
[WhiteElo "1774"]
[WhiteRD "50"]
[BlackElo "1829"]
[BlackRD "76"]
[GameID "133336"]

1. Nf3 Nf6 2. c4 c5 3. g3 g6 4. b3 Bg7 5. Bb2 O-O 6. Bg2 Nc6 7. O-O d5 8. cxd5 Nxd5 9. Bxg7 Kxg7 10. d3 Bg4
11. Nbd2 Qd7 12. Rc1 b6 13. a4 Bh3 14. Nc4 Bxg2 15. Kxg2 f6 16. h4 h5 17. Qd2 e5 18. Rfd1 Nd4 19. Nxd4 exd4 20. e3 dxe3
21. fxe3 Rae8 22. Re1 Nb4 23. Rcd1 Rd8 24. Nb2 Qd5+ 25. Kf2 Qxb3 26. Kg1 Nc6 27. Nc4 Rd7 28. a5 Rfd8 29. axb6 Rxd3 30. Qa5 Nxa5
31. Nxa5 Qxd1
0-1

[Event "jingle ring jingle all the sea"]
[Site "SchemingMind.com"]
[Date "2007.12.14"]
[Round "-"]
[White "Archon"]
[Black "1tamad"]
[Result "1/2-1/2"]
[WhiteCountry "CAN"]
[BlackCountry "USA"]
[WhiteElo "1790"]
[WhiteRD "54"]
[BlackElo "1776"]
[BlackRD "61"]
[GameID "133337"]

1. Nf3 d5 2. c4 e6 3. g3 Nf6 4. Bg2 c6 5. b3 Qb6 6. Qc2 Bc5 7. O-O O-O 8. Bb2 Ne4 9. e3 Nd7 10. d3 Nef6
11. Nbd2 Bd6 12. d4 Qc7 13. Rac1 Ng4 14. e4 dxe4 15. Nxe4 Be7 16. Neg5 Ngf6 17. Rfe1 h6 18. Ne4 Nxe4 19. Qxe4 Nf6 20. Qc2 b6
21. Ne5 Bb7 22. Qe2 c5 23. Rcd1 Bxg2 24. Kxg2 Qb7+ 25. Kg1 cxd4 26. Rxd4 Rad8 27. Red1 Rxd4 28. Rxd4 Bc5 29. Rd2 Qe4 30. Qxe4 Nxe4
31. Rd7 Nxf2 32. Kg2 f6 33. Ng6 Rf7 34. Rd8+ Kh7 35. Nf4 Re7 36. Nd3 Nxd3 37. Rxd3 e5 38. Rd2 Kg6 39. Kf3 h5 40. Ke2 Kf5
41. Rd3 g5 42. Rf3+ Ke6 43. Rd3 Rd7 44. Rf3 g4 45. Rf1 Bd4 46. Bc1 Bc5 47. Bb2 Bb4 48. Bc1 Bc3 49. Ke3 f5 50. Ke2 Rd4
51. Ke3 Rd8 52. Ke2 a5 53. Rd1 Rxd1 54. Kxd1 Bd4 55. Ke2 Bg1 56. Be3 Bxe3 57. Kxe3 Kd6 58. Kd3 Kc5 59. Kc3 e4 60. a3 b5
61. b4+ axb4+ 62. axb4+ Kc6 63. c5 Kd5 64. Kd2 Kc6=
1/2-1/2

[Event "jingle ring jingle all the sea"]
[Site "SchemingMind.com"]
[Date "2007.12.19"]
[Round "-"]
[White "Archon"]
[Black "Schaakmaatje"]
[Result "1-0"]
[WhiteCountry "CAN"]
[BlackCountry "NED"]
[WhiteElo "1763"]
[WhiteRD "53"]
[BlackElo "1755"]
[BlackRD "48"]
[GameID "133338"]

1. Nf3 f5 2. g3 d6 3. Bg2 e5 4. d3 Nf6 5. O-O Be7 6. Re1 O-O 7. e4 Be6 8. Nbd2 f4 9. Qe2 Nc6 10. c3 Nh5
11. Nf1 fxg3 12. hxg3 Bg4 13. N1h2 Qd7 14. Nxg4 Qxg4 15. Nh2 Qxe2 16. Rxe2 Rf7 17. Be3 Raf8 18. Bh3 Kh8 19. Bg4 Nf6 20. Be6 Nd8
21. Bxf7 Nxf7 22. Rf1 Nh5 23. Kg2 h6 24. f4 exf4 25. gxf4 Kh7 26. Nf3 Nd8 27. f5 a6 28. Rh1 Nf6 29. Nh4 Ng4 30. Ng6 Rf7
31. Bd2 Bf6 32. Kf1 Nc6 33. d4 Na5 34. b3 b5 35. Rg2
1-0

[Event "jingle ring jingle all the sea"]
[Site "SchemingMind.com"]
[Date "2007.12.19"]
[Round "-"]
[White "Archon"]
[Black "josecapa"]
[Result "0-1"]
[WhiteCountry "CAN"]
[BlackCountry "JAM"]
[WhiteElo "1776"]
[WhiteRD "57"]
[BlackElo "1977"]
[BlackRD "80"]
[GameID "133339"]

1. Nf3 Nf6 2. c4 c6 3. g3 d5 4. Bg2 Bf5 5. cxd5 cxd5 6. Qb3 Qc8 7. Nc3 e6 8. d3 Nc6 9. O-O Be7 10. Bd2 O-O
11. Rfc1 Qd7 12. Nh4 Nd4 13. Qd1 Bg4 14. Nf3 Nxf3+ 15. exf3 Bf5 16. d4 Rfc8 17. f4 Rc7 18. a3 Rac8 19. Ne2 Rxc1 20. Rxc1 Bd3
21. Nc3 b5 22. b4 a5 23. Be1 axb4 24. Qxd3 bxc3 25. Rxc3 Rxc3 26. Qxc3 Ne8 27. Bd2 Nd6 28. Qa5 Nc4 29. Qa8+ Qd8 30. Qxd8+ Bxd8
31. Bb4 f6 32. Bf1 Kf7 33. Kg2 Be7 34. Kf3 Bxb4 35. Bxc4 dxc4 36. axb4 f5 37. Ke3 Ke7 38. Kd2 h6 39. h4 h5 40. Kc3 Kd6
41. Kd2 Kd5 42. Kc3 Ke4
0-1

[Event "jingle ring jingle all the sea"]
[Site "SchemingMind.com"]
[Date "2007.12.14"]
[Round "-"]
[White "Archon"]
[Black "Francisco Aquino"]
[Result "1-0"]
[WhiteCountry "CAN"]
[BlackCountry "BRA"]
[WhiteElo "1790"]
[WhiteRD "54"]
[BlackElo "1772"]
[BlackRD "75"]
[GameID "133340"]

1. Nf3 Nf6 2. c4 Nc6 3. Nc3 e5 4. g3 Be7 5. Bg2 O-O 6. O-O d6 7. d3 Bg4 8. Be3 Re8 9. Nd2 Rb8 10. Nde4 a6
11. Qd2 Nd4 12. Bxd4 exd4 13. Nxf6+ Bxf6 14. Ne4 c6 15. Nxf6+ Qxf6 16. Rfe1 Re7 17. h3 Bd7 18. a4 Rbe8 19. Kf1 Re5 20. b4 Rf5
21. Bf3 Rfe5 22. Kg2 Qe6 23. Bg4 f5 24. Bf3 f4 25. Bg4 Qf7 26. Bxd7 Qxd7 27. Qxf4 Rxe2 28. Rxe2 Rxe2 29. Qxd4 Qf5 30. Rf1 Qe6
31. a5 h6= 32. Kf3 Re5= 33. Qg4 Rf5+= 34. Kg2 d5 35. Re1 Qf7= 36. Qe2 Kh7 37. f4 dxc4 38. dxc4 Qg6 39. Qe4 Qf7= 40. g4 g6
41. gxf5 gxf5 42. Qe7 Kg6 43. Qxf7+ Kxf7 44. Kg3 Kf6 45. Re5 h5 46. Kh4 Kg6 47. Re7
1-0

[Event "jingle ring jingle all the sea"]
[Site "SchemingMind.com"]
[Date "2007.12.14"]
[Round "-"]
[White "maaac"]
[Black "Archon"]
[Result "1/2-1/2"]
[WhiteCountry "AUS"]
[BlackCountry "CAN"]
[WhiteElo "1829"]
[WhiteRD "76"]
[BlackElo "1774"]
[BlackRD "50"]
[GameID "133341"]

1. d4 d6 2. e4 Nf6 3. Nc3 g6 4. Nf3 Bg7 5. Bc4 O-O 6. O-O Nxe4 7. Nxe4 d5 8. Bd3 dxe4 9. Bxe4 Nd7 10. Bg5 Nf6
11. Bd3 Bg4 12. c3 Bxf3 13. Qxf3 Qd5 14. Qxd5 Nxd5 15. c4 Nf6 16. Rad1 c6 17. Rfe1 Rfe8 18. b4 Rad8 19. Bc2 a6 20. h4 h6
21. Bf4 Nh5 22. Be5 Nf6 23. a4 b5 24. axb5 axb5 25. c5 Nd5 26. Rb1 Ra8 27. Be4 e6 28. Bxd5 exd5 29. Bxg7 Kxg7 30. Rxe8=
1/2-1/2

[Event "jingle ring jingle all the sea"]
[Site "SchemingMind.com"]
[Date "2007.12.14"]
[Round "-"]
[White "1tamad"]
[Black "Archon"]
[Result "1-0"]
[WhiteCountry "USA"]
[BlackCountry "CAN"]
[WhiteElo "1760"]
[WhiteRD "69"]
[BlackElo "1763"]
[BlackRD "53"]
[GameID "133342"]

1. d4 d6 2. e3 g6 3. Nf3 Bg7 4. Be2 Nd7 5. O-O c5 6. c3 cxd4 7. exd4 Ngf6 8. Bg5 O-O 9. Nbd2 e5 10. dxe5 dxe5
11. Ne4 Qc7 12. Nd6 e4 13. Nxc8 Raxc8 14. Nd4 Rfe8 15. h4 h5 16. Re1 Ne5 17. Bf1 Neg4 18. g3 e3 19. f4 Ne4 20. Kg2 Nxg5
21. hxg5 Nf2 22. Qa4 b6 23. Ba6 Rcd8 24. Re2 Ng4 25. Rd1 Bxd4 26. Rxd4 Rxd4 27. Qxe8+
1-0